000 00604 a2200205 4500
020 _a0-415-19750-3
020 _a0-415-19751-1
040 _aDLC
_bDLC
082 _a501.4
082 _a501.4
245 0 0 _aCommunicating science: Professional contexts:Reader 1
_nReader 1
_pProfessional contexts
_cEileen Scanlon, Roger Hill and Kirk Junker
260 _aLondon :
_bRoutledge,
_c1999
300 _a315 s.
650 7 _aCommunication in science
700 1 _aScanlon, Eileen
_4oth
700 1 _aHill, Roger
700 1 _aJunker, Kirk
740 0 _aProfessional contexts
942 _cBK
_k501.4 SCA
_2ddc
999 _c7387
_d7387